000 00703nam a22002417a 4500
001 85052
003 UA-OsUOA
005 20201225141600.0
007 ta
008 20120615b un ||||| |||| 00| 0 ukr d
040 _aUA-OsUOA
_bukr
_cUA-OsUOA
_dUA-OsUOA
041 _aukr
080 _a94(477).094
090 _a94(477).094
_bК53
100 _aКниш З.
245 _aСьогодні й завтра: думки націоналіста
260 _aВінніпег
_c1950
300 _a113 с.
650 7 _a9 Географія. Біографії. Історія
_2UDC
942 _cBK
_2udc
955 _a2
999 _c371368
_d371368